MONTHLY NUST NEWS (January 2013) (Record no. 197871)
[ view plain ]
| 000 -LEADER | |
|---|---|
| fixed length control field | 00317 a2200145 4500 |
| 003 - CONTROL NUMBER IDENTIFIER | |
| control field | Nust |
| 005 - DATE AND TIME OF LATEST TRANSACTION | |
| control field | 20170207154457.0 |
| 040 ## - CATALOGING SOURCE | |
| Transcribing agency | Nust |
| 082 ## - DEWEY DECIMAL CLASSIFICATION NUMBER | |
| Classification number | 050 |
| 100 ## - MAIN ENTRY--PERSONAL NAME | |
| Personal name | Maryam Khalid |
| 245 ## - TITLE STATEMENT | |
| Title | MONTHLY NUST NEWS (January 2013) |
| 250 ## - EDITION STATEMENT | |
| Edition statement | Volume IV / Issue I |
| 260 ## - PUBLICATION, DISTRIBUTION, ETC. | |
| Place of publication, distribution, etc. | Pakistan |
| Name of publisher, distributor, etc. | NUST |
| Date of publication, distribution, etc. | January 2013 |
| 300 ## - PHYSICAL DESCRIPTION | |
| Extent | 21 p. |
| 942 ## - ADDED ENTRY ELEMENTS (KOHA) | |
| Koha item type | |
| Withdrawn status | Lost status | Source of classification or shelving scheme | Damaged status | Not for loan | Collection code | Permanent Location | Current Location | Date acquired | Total Checkouts | Full call number | Barcode | Date last seen | Price effective from | Koha item type |
|---|---|---|---|---|---|---|---|---|---|---|---|---|---|---|
| Military College of Signals (MCS) | Military College of Signals (MCS) | 12/12/2016 | 050 KHA | MCSP-22/32 (1) | 12/08/2016 | 12/12/2016 | Book | |||||||
| Military College of Signals (MCS) | Military College of Signals (MCS) | 12/12/2016 | 050 KHA | MCSP-22/32 (10) | 12/08/2016 | 12/12/2016 | Book | |||||||
| Military College of Signals (MCS) | Military College of Signals (MCS) | 12/12/2016 | 050 KHA | MCSP-22/32 (2) | 12/08/2016 | 12/12/2016 | Book | |||||||
| Military College of Signals (MCS) | Military College of Signals (MCS) | 12/12/2016 | 050 KHA | MCSP-22/32 (3) | 12/08/2016 | 12/12/2016 | Book | |||||||
| Military College of Signals (MCS) | Military College of Signals (MCS) | 12/12/2016 | 050 KHA | MCSP-22/32 (4) | 12/08/2016 | 12/12/2016 | Book | |||||||
| Military College of Signals (MCS) | Military College of Signals (MCS) | 12/12/2016 | 050 KHA | MCSP-22/32 (5) | 12/08/2016 | 12/12/2016 | Book | |||||||
| Military College of Signals (MCS) | Military College of Signals (MCS) | 12/12/2016 | 050 KHA | MCSP-22/32 (6) | 12/08/2016 | 12/12/2016 | Book | |||||||
| Military College of Signals (MCS) | Military College of Signals (MCS) | 12/12/2016 | 050 KHA | MCSP-22/32 (7) | 12/08/2016 | 12/12/2016 | Book | |||||||
| Military College of Signals (MCS) | Military College of Signals (MCS) | 12/12/2016 | 050 KHA | MCSP-22/32 (8) | 12/08/2016 | 12/12/2016 | Book | |||||||
| Military College of Signals (MCS) | Military College of Signals (MCS) | 12/12/2016 | 050 KHA | MCSP-22/32 (9) | 12/08/2016 | 12/12/2016 | Book |
